|
|
|
|
| LEADER |
00910nam a2200229 a 4500 |
| 001 |
c000374953 |
| 003 |
CARM |
| 005 |
00000000000000.0 |
| 008 |
910125s1961 enk 00000 eng d |
| 019 |
1 |
|
|a 7497088
|z 28082799
|5 LACONCORD2021
|
| 035 |
|
|
|a (OCoLC)7660788
|5 LACONCORD2021
|
| 040 |
|
|
|a NUN
|c NUN
|
| 100 |
1 |
|
|a Klein, Viola.
|
| 245 |
1 |
0 |
|a Employing married women /
|c by Viola Klein.
|
| 260 |
|
|
|a London :
|b Institute of Personnel Management,
|c 1961.
|
| 300 |
|
|
|a 51 p. :
|b ill.
|
| 490 |
0 |
|
|a Occasional papers ;
|v no. 17.
|
| 650 |
|
0 |
|a Married women
|x Employment
|z Great Britain.
|
| 830 |
|
0 |
|a Occasional papers (Institute of Personnel Management (Great Britain))
|v no. 17.
|
| 852 |
8 |
|
|b CARM
|h A1:AM21B0
|i B09548
|p 0433226
|f BK
|
| 999 |
f |
f |
|i f19f89b4-bb11-577d-abc0-435a668a93d3
|s ef809c34-f48a-53ed-83d6-15d1bfe37771
|
| 952 |
f |
f |
|p Can circulate
|a CAVAL
|b CAVAL
|c CAVAL
|d CARM 1 Store
|e B09548
|f A1:AM21B0
|h Other scheme
|i book
|m 0433226
|